Local journalism and local media : (Record no. 20508)
[ view plain ]
| 000 -LEADER | |
|---|---|
| fixed length control field | 02877cam a22002895a 4500 |
| 001 - CONTROL NUMBER | |
| control field | ocm63808022 |
| 003 - CONTROL NUMBER IDENTIFIER | |
| control field | OSt |
| 005 - DATE AND TIME OF LATEST TRANSACTION | |
| control field | 20151116153903.0 |
| 008 - FIXED-LENGTH DATA ELEMENTS--GENERAL INFORMATION | |
| fixed length control field | 060210s2006 enka frb 001 0 eng d |
| 020 ## - INTERNATIONAL STANDARD BOOK NUMBER | |
| International Standard Book Number | 0415379547 (pbk. : alk. paper) |
| 020 ## - INTERNATIONAL STANDARD BOOK NUMBER | |
| International Standard Book Number | 9780415379540 |
| 040 ## - CATALOGING SOURCE | |
| Original cataloging agency | DLC |
| Transcribing agency | DLC |
| Modifying agency | BAKER |
| -- | C#P |
| -- | EG-ScBUE |
| Language of cataloging | eng |
| 043 ## - GEOGRAPHIC AREA CODE | |
| Geographic area code | e-uk--- |
| 082 04 - DEWEY DECIMAL CLASSIFICATION NUMBER | |
| Classification number | 072 |
| Edition number | 22 |
| Item number | LOC |
| 245 00 - TITLE STATEMENT | |
| Title | Local journalism and local media : |
| Remainder of title | making the local news / |
| Statement of responsibility, etc | edited by Bob Franklin. |
| 250 ## - EDITION STATEMENT | |
| Edition statement | 2nd ed. |
| 260 ## - PUBLICATION, DISTRIBUTION, ETC. (IMPRINT) | |
| Place of publication, distribution, etc | London ; |
| -- | New York : |
| Name of publisher, distributor, etc | Routledge / Taylor & Francis Group, |
| Date of publication, distribution, etc | 2006. |
| 300 ## - PHYSICAL DESCRIPTION | |
| Extent | xv, 311 p. : |
| Other physical details | ill. ; |
| Dimensions | 25 cm. |
| 500 ## - GENERAL NOTE | |
| General note | Index : p. 301-311. |
| 504 ## - BIBLIOGRAPHY, ETC. NOTE | |
| Bibliography, etc | Includes bibliographical references. |
| 505 0# - FORMATTED CONTENTS NOTE | |
| Formatted contents note | Attacking the devil? local journalists and local newspapers in the UK / Bob Franklin -- News on local radio / Andrew Crisell and Guy Starkey -- What future for regional television news? / Richard Tait -- News from a small country : the media in Scotland / Brian McNair -- The regional and local media in Wales / James Thomas -- Profits, politics, and paramilitaries : the local news media in Northern Ireland / Greg McLaughlin -- Educating and training local journalists / Peter Cole -- Profits before product? Ownership and economics of the local press / Granville Williams -- Industrial relations and local journalism / Gregor Gall -- Local journalists and the local press : waking up to change? / Rod Pilling -- Regulating the local press / Robert Pinker -- The alternative local press / Tony Harcup -- Real readers, real news : the work of a local newspaper editor / Sara Hadwin -- A right free for all! competition, soundbite journalism, and the local free press / Bob Franklin -- Local news, global politics : reporting the London bomb attacks / Stuart Allan -- Local government public relations and the local press / Shirley Harrison -- Hungry media need fast food : the role of the central office of information / Brent Garner -- The role of the freelance in local journalism / Ros Bew -- Trading on trust : news agencies, local journalism and local media / Martin Hamer -- Letters to the editor in local and regional newspapers : giving voice to the readers / Karin Wahl-Jorgensen -- Open source? Hearing voices in the local press / Karen Ross -- Out damned plot: the Evening standard and the introduction of the London congestion charging / Ivor Gaber -- Downgrading the 'local' in local newspapers' reporting of the 2005 UK general election / Bob Franklin, Geoff Court and Stephen Cushion -- Ethics for local journalism / Chris Frost -- Football fanzines and local news / Chris Atton -- The freedom of information and local journalism / Heather Brooke. |
| 650 #0 - SUBJECT ADDED ENTRY--TOPICAL TERM | |
| Topical term or geographic name as entry element | Journalism, Regional |
| Geographic subdivision | Great Britain. |
| Source of heading or term | BUEsh |
| 651 ## - SUBJECT ADDED ENTRY--GEOGRAPHIC NAME | |
| Source of heading or term | BUEsh |
| 653 ## - INDEX TERM--UNCONTROLLED | |
| Resource For college | Communication and mass media |
| Arrived date list | August2015 |
| -- | November2015 |
| 700 1# - ADDED ENTRY--PERSONAL NAME | |
| Personal name | Franklin, Bob, |
| Dates associated with a name | 1949- |
| Relator term | editor. |
| 942 ## - ADDED ENTRY ELEMENTS (KOHA) | |
| Source of classification or shelving scheme | Dewey Decimal Classification |
| Withdrawn status | Lost status | Source of classification or shelving scheme | Damaged status | Not for loan | Koha collection | Home library | Current library | Shelving location | Date acquired | Source of acquisition | Cost, normal purchase price | Serial Enumeration / chronology | Total Checkouts | Full call number | Barcode | Date last seen | Cost, replacement price | Koha item type |
|---|---|---|---|---|---|---|---|---|---|---|---|---|---|---|---|---|---|---|
| Dewey Decimal Classification | Baccah | Central Library | Central Library | Lower Floor | 13/08/2015 | Purchase | 314.00 | 21782 | 072 LOC | 000039156 | 15/07/2025 | 393.00 | Book - Borrowing |